|
|
|
|
| LEADER |
01240nam a2200265 a 4500 |
| 001 |
2615408 |
| 008 |
100127s1999 maua 001 0 eng d |
| 999 |
|
|
|c 7236
|d 7236
|
| 010 |
|
|
|a 98023631
|
| 020 |
|
|
|a 0256253676
|
| 040 |
|
|
|a DLC
|c DLC
|d DLC
|d BD-DhAAL
|
| 082 |
0 |
0 |
|a 332.1
|2 21
|
| 100 |
1 |
|
|a Cornett, Marcia Millon.
|9 26404
|
| 245 |
1 |
0 |
|a Fundamentals of financial institutions management /
|c Marcia Millon Cornett, Anthony Saunders.
|
| 260 |
|
|
|a Boston, MA :
|b Irwin/McGraw-Hill,
|c c1999.
|
| 300 |
|
|
|a xxii, 762 pages :
|b illustrations ;
|c 26 cm.
|
| 490 |
0 |
|
|a The Irwin/McGraw-Hill series in finance, insurance, and real estate
|
| 500 |
|
|
|a Includes bibliographical references and index.
|
| 541 |
1 |
|
|e 00012637
|
| 650 |
|
0 |
|a Financial institutions.
|9 26405
|
| 700 |
1 |
|
|a Saunders, Anthony,
|d 1949-
|9 26406
|
| 852 |
4 |
|
|a Ayesha Abed Library
|j General shelf
|
| 942 |
|
|
|2 ddc
|c BK
|
| 952 |
|
|
|0 0
|1 0
|2 ddc
|4 0
|6 332_100000000000000_COR
|7 0
|9 7543
|a BRACUL
|b BRACUL
|c GEN
|d 2010-01-28
|l 1
|m 13
|o 332.1 COR
|p 3010012637
|r 2015-12-14
|s 2015-09-06
|t 1
|w 2010-01-28
|y BK
|x Price not available in Register
|
| 952 |
|
|
|0 0
|1 0
|2 ddc
|4 0
|6 332_100000000000000_COR_1999
|7 0
|9 7544
|a BRACUL
|b BRACUL
|c GEN
|d 2010-01-28
|l 3
|m 3
|o 332.1 COR
|p 3010010246
|r 2026-02-17
|s 2026-02-01
|t 2
|w 2010-01-28
|y BK
|